000 00630nam a22001697a 4500
003 NUST
038 _aNusrat Nadeem
082 _a200
100 _aShah, Syed Jawad Hussain
_9126142
245 _aAccelerating the IP Verification Coverage Closure through Machine Learning Within the UVM Framework/
_cSyed Jawad Hussain Shah,
264 _aIslamabad;
_bSEECS NUST,
_c2024.
300 _a63,p;
_bill;
_c30,cm.
650 _aMS-Electrical Engineering
_923567
700 _aSupervisor: Dr. Muhammad Imran; Co-Supervisor:Dr. Haroon Waris
_9126143
856 _u http://10.250.8.41:8080/xmlui/handle/123456789/46895
942 _2ddc
_cSC
999 _c611914
_d611914